00456 2200169 4500001002100000005001500021035002000036245005500056100002200111300003600133260003900169082001100208084001700219020002200236600001100258990001700269INLIS00000000000041320241030085243 a0010-10240001531 aBuku Pintar Puasa For Muslimah /cUlfah Nurhidayah0 aNurhidayah, Ulfah a218 hlm :bilus ;c13 X 20,5 cm aYogyakarta :bCitra Risalah,c2000 a297362 a297362 NUR b a978-979-3752-60-0 4aIbadah a1127/PP/2023